1885 1544 1178 1714 1930 1957 1673 1635 1193 1242 1978 1904 1326 1128 1185 1526 1758 1205 1869 1316 1184 1254 1005 1246 1821 1169 1198 1440 1732 1031 1930 1987 1627 1623 1110 1293 1212 1152 1436 1418 1887 1055 1659 1609 1064 1309 1197 1682 1487 1319 1244 1894 1159 1675 1443 1852 1679 1415 1404 1730 1664 1463 1334 1685 1448 1420 1616 1148 1358 1369 1915 1131 1128 1933 1570 1000 1701 1094 1608 1857 1784 1749 1589 1173 1720 1749 1764 1228 1426 1424 1824 1229 1889 1559 1103 1552 1693 1286 1197 BCNSPRNW ULIB Ver.6.0+V

เปลี่ยนเป็นภาษาไทย

Change to English
 แสดงรายละเอียดบรรณานุกรม
  กลับหน้าหลัก

Brief Record : Get Marc (ISO 2709) : E-mail record : QR code < ปิดหน้าต่าง
LEADER : 00000nam 2200000uu 4500
001    13399124832
003     ULIB
008    160403s2559||||th 000 0 tha d
020    ^a9786169160946
060    ^aWS200^bว844U
100    ^aวีระชัย วัฒนวีรเดช
245    ^aUPDATE ON PEDIATRIC INFECTIOUS DISEASES 2016./^cวีระชัย วัฒนวีรเดช ,กุลกัญญา โชคไพบูลย์กิจ:บรรณาธิการ
250    ^aพิมพ์ครั้งที่ 1
260    ^aกรุงเทพฯ :^bสมาคมโรคติดเชื้อในเด็กแห่งประเทศไทย,^c2559
300    ^a284 หน้า;^b26.5 ซม.
650    ^aโรคติดเชื้อในเด็ก
700    ^aกุลกัญญา โชคไพบูลย์กิจ
710    ^aสมาคมโรคติดเชื้อในเด็กแห่งประเทศไทย
945    ^p500^l0^i000456
945    ^p500^l0^i000457
945    ^p500^l0^i000458
945    ^p500^l0^i000459
999    ^aเกษร โพธิ์สุวรรณ
รายการนี้ยังไม่มีแท็ก
คุณยังไม่ได้ล็อกอิน คุณสามารถมีกิจกรรมร่วมกับเว็บไซต์ได้ แต่ต้องล็อกอินก่อน ::
  ล็อกอิน

รายการสื่อสารสนเทศ

ลำดับที่ ประเภท เลขเรียก/บาร์โค้ด สถานที่ สถานะ
1. Book การพยาบาล
Book การพยาบาล
สถานะ=หนังสือเก่า
WS200 ว844U ฉ.1 
  Barcode: 000456
ห้องสมุดวิทยาเขตสวรรค์ประชารักษ์
►ส่วนจัดเก็บหนังสือเก่า สปร
บนชั้น
  ขอยืม
2. Book การพยาบาล
Book การพยาบาล
สถานะ=หนังสือเก่า
WS200 ว844U ฉ.2 
  Barcode: 000457
ห้องสมุดวิทยาเขตสวรรค์ประชารักษ์
►ส่วนจัดเก็บหนังสือเก่า สปร
บนชั้น
  ขอยืม
3. Book การพยาบาล
Book การพยาบาล
สถานะ=หนังสือเก่า
WS200 ว844U ฉ.3 
  Barcode: 000458
ห้องสมุดวิทยาเขตสวรรค์ประชารักษ์
►ส่วนจัดเก็บหนังสือเก่า สปร
บนชั้น
  ขอยืม
4. Book การพยาบาล
Book การพยาบาล
สถานะ=หนังสือเก่า
WS200 ว844U ฉ.4 
  Barcode: 000459
ห้องสมุดวิทยาเขตสวรรค์ประชารักษ์
►ส่วนจัดเก็บหนังสือเก่า สปร
บนชั้น
  ขอยืม

รายการใกล้เคียง
    ผู้แต่ง [วีระชัย วัฒนวีรเดช]

    หัวเรื่อง [โรคติดเชื้อในเด็ก]

BibComment


ยังไม่เคยถูกคอมเมนท์

คอมเมนท์ทรัพยากรรายการนี้
  คอมเมนท์: UPDATE ON PEDIAT..


 Copyright 2026. Bcnsprnw @Library